000 00210nam a2200097Ia 4500
008 240331s9999 xx 000 0 und d
082 _bBUN
100 _aBunch, C
245 0 _aDemanding accountability
942 _cL
999 _c2418
_d2418